|
|
|
|
| LEADER |
00000nam a2200000 a 4500 |
| 001 |
vtls009630255 |
| 003 |
SK-MaSNL |
| 005 |
20260301171424.0 |
| 008 |
251029s2008 gw g 000 0 eng |
| 020 |
|
|
|a 9783598117824 (brož.)
|
| 040 |
|
|
|a SNK
|b slo
|c SNK
|e AACR2
|
| 041 |
0 |
|
|a eng
|
| 044 |
|
|
|a gw
|c DE
|
| 072 |
|
7 |
|a 77
|x Fotografia. Fotografické postupy
|2 konspekt
|
| 080 |
|
|
|a 778.142
|2 2001
|
| 080 |
|
|
|a 002.1-021.632
|2 2001
|
| 080 |
|
|
|a (048.8)
|2 2001
|
| 245 |
0 |
0 |
|a Guide to microforms in print 2008
|b incorporating international microforms in print : supplement
|c [edited by: Irene Izod]
|
| 250 |
|
|
|a [1st ed.]
|
| 260 |
|
|
|a München
|b K. G. Saur
|c 2008
|
| 300 |
|
|
|a xviii, 96 s.
|c 28 cm
|
| 490 |
1 |
|
|a Library of Congress Catalog Card
|v No. 61-7082
|
| 650 |
0 |
7 |
|a mikrodokumenty
|2 SNKPH
|9 294255
|
| 650 |
0 |
7 |
|a dodatky, doplnky, aktualizácie
|2 SNKPH
|9 31050
|
| 655 |
|
7 |
|a prehľady
|2 SNKPH
|9 70194
|
| 700 |
1 |
|
|a Izod, Irene
|4 edt
|9 539077
|
| 830 |
|
0 |
|a Library of Congress Catalog Card
|9 539078
|
| 919 |
|
|
|a 978-3-598-11782-4
|
| 999 |
|
|
|c 830784
|d 832714
|
| 952 |
|
|
|a SNK
|b SNK
|y VYP
|7 0
|p 17A0625988
|o snkIB 72004/supl.
|i snk2009/13215
|8 3
|g 194.49
|0 0
|1 0
|4 0
|d 2009-07-22
|l 0
|r 2026-02-24 03:36:58
|w 2026-02-24
|